[Event "St Petersburg-ch sf"]
[Site "St Petersburg"]
[Date "2011.02.11"]
[Round "1"]
[White "Solovjov, Sergey"]
[Black "Rodkin, Felix"]
[Result "1-0"]
[WhiteElo "2385"]
[BlackElo "2175"]
[PlyCount "91"]
[EventDate "2011.02.11"]
[EventType "swiss"]
[EventRounds "9"]
[EventCountry "RUS"]
[SourceTitle "CBM 141 Extra"]
[Source "ChessBase"]
[SourceDate "2011.05.03"]
[SourceVersion "1"]
[SourceVersionDate "2011.05.03"]
[SourceQuality "1"]

1. e4 e6 2. d4 d5 3. Nc3 Nf6 4. Bg5 Bb4 5. e5 h6 6. Be3 Ne4 7. Qg4 g6 8. a3 Bxc3+ 9. bxc3 Nxc3 10. Bd3 Qe7 11. h4 Bd7 12. h5 g5 13. Nh3 Nc6 14. f4 gxf4 15. Bf2 Qf8 16. Qh4 Ne7 17. Qxf4 0-0-0 18. Bh4 Ne4 19. 0-0 Re8 20. c4 Nf5 21. cxd5 exd5 22. Rac1 Nxh4 23. e6 Bc6 24. Bxe4 Qg7 25. exf7 Qxd4+ 26. Kh1 Qxe4 27. fxe8Q+ Rxe8 28. Qxe4 Rxe4 29. Rf4 d4 30. Rd1 Nxg2 31. Rxe4 Bxe4 32. Rxd4 Bf3 33. Kh2 c5 34. Rd3 Be4 35. Rc3 b6 36. Kg3 Kd7 37. Nf2 Bd5 38. Ng4 Ke6 39. Nxh6 c4 40. Ng4 b5 41. Rc2 a5 42. h6 Kf7 43. Rf2+ Kg6 44. Rf6+ Kh7 45. Rd6 c3 46. Nf6+ 1-0

[Event "St Petersburg Chigorin CC-ch"]
[Site "St Petersburg"]
[Date "2009.05.27"]
[Round "7"]
[White "Vlasov, Egor"]
[Black "Rodkin, Felix"]
[Result "1-0"]
[WhiteElo "2275"]
[BlackElo "2149"]
[PlyCount "53"]
[EventDate "2009.05.19"]
[EventType "swiss"]
[EventRounds "9"]
[EventCountry "RUS"]
[SourceTitle "CBM 130 Extra"]
[Source "ChessBase"]
[SourceDate "2009.07.02"]
[SourceVersion "2"]
[SourceVersionDate "2009.07.15"]
[SourceQuality "1"]

1. e4 e6 2. d4 d5 3. Nd2 Nc6 4. Ngf3 Nh6 5. c3 f5 6. exd5 exd5 7. Bb5 Nf7 8. 0-0 Be7 9. Ne5 Nfxe5 10. dxe5 a6 11. Bxc6+ bxc6 12. Nb3 c5 13. Be3 c4 14. Nd4 g6 15. Nc6 Qd7 16. Nxe7 Kxe7 17. e6 Kxe6 18. Qd4 Bb7 19. Rfe1 Rae8 20. Bg5+ Kd6 21. Qf6+ Kc5 22. Be3+ Kb5 23. a4+ Ka5 24. Qd4 Qd6 25. Bf4 Qb6 26. b4+ cxb3 27. Bxc7 1-0

[Event "St Petersburg Chigorin CC-ch"]
[Site "St Petersburg"]
[Date "2009.05.20"]
[Round "2"]
[White "Rodkin, Felix"]
[Black "Sivokho, Sergey V"]
[Result "0-1"]
[WhiteElo "2149"]
[BlackElo "2472"]
[PlyCount "72"]
[EventDate "2009.05.19"]
[EventType "swiss"]
[EventRounds "9"]
[EventCountry "RUS"]
[SourceTitle "CBM 130 Extra"]
[Source "ChessBase"]
[SourceDate "2009.07.02"]
[SourceVersion "2"]
[SourceVersionDate "2009.07.15"]
[SourceQuality "1"]

1. e4 d5 2. exd5 Nf6 3. Nc3 Nxd5 4. Nxd5 Qxd5 5. d4 Nc6 6. Be3 e5 7. dxe5 Qxe5 8. Qe2 Be6 9. c3 0-0-0 10. Nf3 Qh5 11. Nd4 Bg4 12. f3 Nxd4 13. fxg4 Qa5 14. Qf2 Nb3 15. Rb1 Bc5 16. Bxc5 Nxc5 17. Be2 Ne4 18. Qxf7 Nxc3 19. Qe6+ Kb8 20. bxc3 Qxc3+ 21. Kf1 Rhf8+ 22. Bf3 Rxf3+ 23. gxf3 Qxf3+ 24. Kg1 Rf8 25. Qe1 Qxg4+ 26. Qg3 Qd4+ 27. Kg2 Qe4+ 28. Kh3 Rf3 29. Rbe1 Qf5+ 30. Kg2 Rxg3+ 31. hxg3 b6 32. Rhf1 Qd5+ 33. Kh3 Qxa2 34. Re7 Qc2 35. Rxg7 a5 36. Kg4 Qc3 0-1

[Event "St Petersburg Nov op"]
[Site "St Petersburg"]
[Date "2008.11.04"]
[Round "4"]
[White "Rodkin, Felix"]
[Black "Khusenkhojaev, Muhammad"]
[Result "1-0"]
[WhiteElo "2125"]
[BlackElo "2375"]
[PlyCount "65"]
[EventDate "2008.11.01"]
[EventType "swiss"]
[EventRounds "9"]
[EventCountry "RUS"]
[SourceTitle "EXT 2010"]
[Source "ChessBase"]
[SourceDate "2010.11.25"]
[SourceVersion "1"]
[SourceVersionDate "2010.11.25"]
[SourceQuality "1"]

1. e4 e5 2. Nf3 Nc6 3. c3 Nf6 4. d4 Nxe4 5. d5 Ne7 6. Nxe5 Ng6 7. Qd4 f5 8. Nxg6 hxg6 9. Be3 Qf6 10. Nd2 Nxd2 11. Qxd2 Bd6 12. 0-0-0 0-0 13. h4 f4 14. Bd4 Be5 15. Bxe5 Qxe5 16. d6 cxd6 17. Bc4+ d5 18. Bxd5+ Kh8 19. Qd3 Qf6 20. Be4 d5 21. Bxg6 d4 22. cxd4 Bg4 23. f3 Be6 24. Kb1 Rac8 25. h5 Bc4 26. Qe4 Qa6 27. b3 Qb5 28. Qe5 Qb6 29. Ka1 Bxb3 30. h6 Qf6 31. axb3 gxh6 32. Rxh6+ Kg7 33. Rh7+ 1-0

[Event "St Petersburg Nov op"]
[Site "St Petersburg"]
[Date "2008.11.02"]
[Round "2"]
[White "Rodkin, Felix"]
[Black "Melnikov, Dmitry"]
[Result "0-1"]
[WhiteElo "2125"]
[BlackElo "2280"]
[PlyCount "63"]
[EventDate "2008.11.01"]
[EventType "swiss"]
[EventRounds "9"]
[EventCountry "RUS"]
[SourceTitle "EXT 2010"]
[Source "ChessBase"]
[SourceDate "2010.11.25"]
[SourceVersion "1"]
[SourceVersionDate "2010.11.25"]
[SourceQuality "1"]

1. f4 e5 2. fxe5 d6 3. exd6 Bg4 4. Nc3 Nf6 5. Nf3 Bxd6 6. e4 Qe7 7. d3 Nc6 8. Be2 0-0-0 9. Be3 Bb4 10. Qc1 h5 11. a3 Ba5 12. b4 Bb6 13. Na4 Bxe3 14. Qxe3 Bxf3 15. Bxf3 Nd4 16. Bd1 Ng4 17. Qg3 Qf6 18. c3 Ne6 19. d4 Rhe8 20. Bxg4 hxg4 21. Qxg4 Kb8 22. e5 Nxd4 23. 0-0-0 Qh6+ 24. Kb2 Nc6 25. Nc5 Rd2+ 26. Rxd2 Qxd2+ 27. Kb3 Qd5+ 28. c4 Na5+ 29. bxa5 Qxc5 30. Qxg7 a6 31. Qxf7 Rxe5 32. Rc1 0-1

[Event "St Petersburg White Nights op"]
[Site "St Petersburg"]
[Date "2007.06.27"]
[Round "3"]
[White "Rodkin, Felix"]
[Black "Shchukin, Dmitry"]
[Result "0-1"]
[WhiteElo "2168"]
[BlackElo "2355"]
[PlyCount "78"]
[EventDate "2007.06.25"]
[EventType "swiss"]
[EventRounds "9"]
[EventCountry "RUS"]
[SourceTitle "CBM 119 Extra"]
[Source "ChessBase"]
[SourceDate "2007.09.04"]
[SourceVersion "1"]
[SourceVersionDate "2007.09.04"]
[SourceQuality "1"]

1. d4 d5 2. Nc3 e6 3. e4 Bb4 4. exd5 exd5 5. Bd3 Nc6 6. a3 Bxc3+ 7. bxc3 Nge7 8. Qh5 Qd6 9. Ne2 g6 10. Qf3 Bf5 11. Ng3 Bxd3 12. cxd3 h5 13. Bg5 0-0-0 14. Qf6 Rhe8 15. Qxd6 Rxd6 16. Kd2 f6 17. Bf4 Re6 18. h4 Nf5 19. Nxf5 Re2+ 20. Kd1 Rxf2 21. Ng7 Re7 22. Nxh5 gxh5 23. g3 Rg2 24. Rc1 Ree2 25. Rg1 Ne7 26. Rxg2 Rxg2 27. Rc2 Rg1+ 28. Ke2 Rg2+ 29. Kd1 Rxc2 30. Kxc2 Ng6 31. c4 Kd7 32. Kd1 Nxf4 33. gxf4 Ke6 34. Ke2 b6 35. Ke3 c6 36. a4 a6 37. Kd2 Kf5 38. Ke3 b5 39. axb5 axb5 0-1

[Event "St Petersburg White Nights op"]
[Site "St Petersburg"]
[Date "2007.06.25"]
[Round "1"]
[White "Turetsky, Mark"]
[Black "Rodkin, Felix"]
[Result "0-1"]
[WhiteElo "1694"]
[BlackElo "2168"]
[PlyCount "46"]
[EventDate "2007.06.25"]
[EventType "swiss"]
[EventRounds "9"]
[EventCountry "RUS"]
[SourceTitle "CBM 119 Extra"]
[Source "ChessBase"]
[SourceDate "2007.09.04"]
[SourceVersion "1"]
[SourceVersionDate "2007.09.04"]
[SourceQuality "1"]

1. c4 e6 2. d4 d5 3. Nf3 Nf6 4. Nc3 c5 5. e3 Nc6 6. cxd5 exd5 7. Be2 cxd4 8. Nxd4 Bd6 9. a3 0-0 10. Qc2 Re8 11. 0-0 Bg4 12. Bxg4 Nxg4 13. h3 Nf6 14. b4 Rc8 15. Qd3 Ne5 16. Qd2 Bb8 17. f4 Nc4 18. Qe1 Ne4 19. Nxe4 Rxe4 20. Rf3 Qe7 21. Qg3 Re8 22. Kf2 Bc7 23. Ra2 Rxd4 0-1

[Event "St Petersburg-ch Seniors"]
[Site "St Petersburg"]
[Date "2007.04.06"]
[Round "9"]
[White "Rutman, Aleksandr"]
[Black "Rodkin, Felix"]
[Result "1/2-1/2"]
[WhiteElo "2274"]
[BlackElo "2171"]
[PlyCount "49"]
[EventDate "2007.03.19"]
[EventType "swiss"]
[EventRounds "9"]
[EventCountry "RUS"]
[SourceTitle "EXT 2010"]
[Source "ChessBase"]
[SourceDate "2010.11.25"]
[SourceVersion "1"]
[SourceVersionDate "2010.11.25"]
[SourceQuality "1"]

1. d4 d5 2. Nf3 Nf6 3. Nbd2 e6 4. e3 c5 5. b3 Nc6 6. Bb2 Bd6 7. Bd3 Qc7 8. c4 cxd4 9. exd4 Nb4 10. Bb1 dxc4 11. bxc4 b5 12. cxb5 a6 13. 0-0 axb5 14. Qe2 0-0 15. Ne4 Nxe4 16. Qxe4 f5 17. Qxa8 Ba6 18. Rc1 Rxa8 19. Rxc7 Bxc7 20. a3 Nd5 21. Ba2 Bb7 22. Ng5 Ra6 23. Re1 Bd6 24. Rxe6 g6 25. Bb3 1/2-1/2

[Event "St Petersburg-ch Seniors"]
[Site "St Petersburg"]
[Date "2007.04.04"]
[Round "8"]
[White "Rodkin, Felix"]
[Black "Fedorov, Sergey"]
[Result "1-0"]
[WhiteElo "2171"]
[BlackElo "2231"]
[PlyCount "52"]
[EventDate "2007.03.19"]
[EventType "swiss"]
[EventRounds "9"]
[EventCountry "RUS"]
[SourceTitle "EXT 2010"]
[Source "ChessBase"]
[SourceDate "2010.11.25"]
[SourceVersion "1"]
[SourceVersionDate "2010.11.25"]
[SourceQuality "1"]

1. e4 c5 2. d4 cxd4 3. Qxd4 Nc6 4. Qe3 Nf6 5. Nc3 d5 6. exd5 Nxd5 7. Nxd5 Qxd5 8. c4 Qd4 9. Nf3 Qxe3+ 10. Bxe3 Nb4 11. Kd2 Bf5 12. Nd4 Bg6 13. f4 0-0-0 14. Kc3 e5 15. fxe5 Bc5 16. g3 Bxd4+ 17. Bxd4 Nc2 18. Rd1 Kc7 19. Bg2 b6 20. Bd5 Rhe8 21. Rd2 Nxd4 22. Kxd4 f6 23. Re1 fxe5+ 24. Rxe5 Rxe5 25. Kxe5 a5 26. Rf2 Re8+ 1-0

[Event "St Petersburg-ch sf"]
[Site "St Petersburg"]
[Date "2007.02.14"]
[Round "5"]
[White "Rodkin, Felix"]
[Black "Bazeev, German"]
[Result "1/2-1/2"]
[WhiteElo "2171"]
[BlackElo "2153"]
[PlyCount "43"]
[EventDate "2007.02.10"]
[EventType "swiss"]
[EventRounds "9"]
[EventCountry "RUS"]
[SourceTitle "EXT 2008"]
[Source "ChessBase"]
[SourceDate "2007.11.25"]
[SourceVersion "1"]
[SourceVersionDate "2007.11.25"]
[SourceQuality "1"]

1. d4 d5 2. Nc3 Nf6 3. Bg5 Nbd7 4. Nf3 e6 5. e4 h6 6. Bh4 g5 7. Bg3 Nxe4 8. Nxe4 dxe4 9. Ne5 Bg7 10. h4 Nxe5 11. Bxe5 Bxe5 12. dxe5 Bd7 13. Qd2 Bc6 14. hxg5 Qxd2+ 15. Kxd2 0-0-0+ 16. Ke3 hxg5 17. Be2 Kd7 18. Rad1+ Ke7 19. Rxd8 Rxh1 20. Rc8 Kd7 21. Rf8 Ke7 22. Rc8 1/2-1/2

[Event "St Petersburg-ch sf"]
[Site "St Petersburg"]
[Date "2007.02.12"]
[Round "3"]
[White "Rodkin, Felix"]
[Black "Nikitinyh, Boris Aleksandrovic"]
[Result "0-1"]
[WhiteElo "2171"]
[BlackElo "2266"]
[PlyCount "54"]
[EventDate "2007.02.10"]
[EventType "swiss"]
[EventRounds "9"]
[EventCountry "RUS"]
[SourceTitle "EXT 2008"]
[Source "ChessBase"]
[SourceDate "2007.11.25"]
[SourceVersion "1"]
[SourceVersionDate "2007.11.25"]
[SourceQuality "1"]

1. d4 Nf6 2. Nc3 d5 3. Bg5 Bf5 4. Bxf6 exf6 5. e3 c6 6. Bd3 Be6 7. e4 dxe4 8. Bxe4 f5 9. Bf3 Bb4 10. Qd3 Nd7 11. Nge2 0-0 12. 0-0 Nf6 13. Nf4 Bd7 14. d5 Qc7 15. dxc6 bxc6 16. Nh5 Nxh5 17. Bxh5 Rad8 18. Rfd1 Be6 19. Qa6 Bd6 20. Bf3 Bxh2+ 21. Kh1 Qf4 22. Rxd8 Rxd8 23. Rd1 Rf8 24. Qd3 Qh4 25. Bxc6 Bg3+ 26. Kg1 Bxf2+ 27. Kf1 Bc4 0-1

[Event "St Petersburg-ch sf"]
[Site "St Petersburg"]
[Date "2007.02.10"]
[Round "1"]
[White "Rodkin, Felix"]
[Black "Kryschilovskij, Andrej"]
[Result "0-1"]
[WhiteElo "2171"]
[BlackElo "2339"]
[PlyCount "99"]
[EventDate "2007.02.10"]
[EventType "swiss"]
[EventRounds "9"]
[EventCountry "RUS"]
[SourceTitle "EXT 2008"]
[Source "ChessBase"]
[SourceDate "2007.11.25"]
[SourceVersion "1"]
[SourceVersionDate "2007.11.25"]
[SourceQuality "1"]

1. d4 g6 2. e4 Bg7 3. Nc3 d6 4. Nf3 Nf6 5. Be2 0-0 6. 0-0 Nc6 7. d5 Nb8 8. Be3 c6 9. Qd2 Re8 10. Rfe1 Nbd7 11. h3 a6 12. a4 Qc7 13. Bf1 Rb8 14. Ba7 Ra8 15. Be3 cxd5 16. exd5 Ne5 17. Nxe5 dxe5 18. a5 Bf5 19. g4 Bd7 20. Na4 h5 21. g5 Ne4 22. Qb4 Nd6 23. c4 Nf5 24. Bb6 Qb8 25. Bc5 Bxa4 26. Rxa4 Nd4 27. Bxd4 exd4 28. Ra3 Qf4 29. Rg3 Be5 30. Qb3 h4 31. Rg2 Bg7 32. Qxb7 Rab8 33. Qxa6 Rxb2 34. c5 Reb8 35. Qd3 Rd2 36. Qe4 Qxe4 37. Rxe4 d3 38. Re3 Rb1 39. Rg4 Rdd1 40. Kg2 Rxf1 41. Rxd3 Rg1+ 42. Kf3 Rxg4 43. Kxg4 Rb4+ 44. Kf3 Kf8 45. Ra3 Ke8 46. a6 Rb8 47. Ke4 Kd7 48. Kd3 Be5 49. Kc4 Ra8 50. Kb5 0-1

[Event "St Petersburg-ch qual"]
[Site "St Petersburg"]
[Date "2006.12.06"]
[Round "5"]
[White "Rodkin, Felix"]
[Black "Romanov, Vasily"]
[Result "1-0"]
[WhiteElo "2171"]
[BlackElo "1986"]
[PlyCount "69"]
[EventDate "2006.11.27"]
[EventType "swiss"]
[EventRounds "10"]
[EventCountry "RUS"]
[SourceTitle "EXT 2008"]
[Source "ChessBase"]
[SourceDate "2007.11.25"]
[SourceVersion "1"]
[SourceVersionDate "2007.11.25"]
[SourceQuality "1"]

1. d4 d5 2. Nc3 Nf6 3. Bg5 c6 4. e3 Bf5 5. Bxf6 exf6 6. Bd3 Bxd3 7. Qxd3 Bd6 8. e4 dxe4 9. Qxe4+ Qe7 10. 0-0-0 Qxe4 11. Nxe4 Bf4+ 12. Kb1 Nd7 13. Ne2 Bc7 14. d5 c5 15. N2c3 a6 16. d6 Bd8 17. Nd5 0-0 18. Rhe1 Kh8 19. Ne7 Re8 20. Nc3 Ba5 21. Ned5 Rxe1 22. Rxe1 Bxc3 23. Nxc3 Rd8 24. Re7 Kg8 25. a4 b6 26. Nd5 Kf8 27. Kc1 Ne5 28. Rb7 Nc4 29. Nxb6 Nxd6 30. Ra7 Ne4 31. f3 Nf2 32. Ra8 Rxa8 33. Nxa8 g5 34. Kd2 g4 35. Ke2 1-0

[Event "St Petersburg Autumn op"]
[Site "St Petersburg"]
[Date "2006.11.05"]
[Round "6"]
[White "Vunder, Andrei"]
[Black "Rodkin, Felix"]
[Result "1/2-1/2"]
[WhiteElo "2284"]
[BlackElo "2171"]
[PlyCount "49"]
[EventDate "2006.10.31"]
[EventType "swiss"]
[EventRounds "9"]
[EventCountry "RUS"]
[SourceTitle "EXT 2007"]
[Source "ChessBase"]
[SourceDate "2006.11.23"]
[SourceVersion "1"]
[SourceVersionDate "2006.11.23"]
[SourceQuality "1"]

1. d4 d5 2. c4 e6 3. Nf3 Nf6 4. Nc3 c5 5. e3 Nc6 6. cxd5 exd5 7. Bb5 cxd4 8. Nxd4 Bd7 9. 0-0 Bd6 10. Be2 Be6 11. b3 0-0 12. Bb2 Rc8 13. Rc1 Re8 14. Re1 Qe7 15. Nxc6 bxc6 16. Bf3 Red8 17. Qd4 Bc5 18. Qh4 Ng4 19. Qxe7 Bxe7 20. Na4 c5 21. Red1 Kf8 22. h3 Nf6 23. Ba3 c4 24. Bxe7+ Kxe7 25. b4 1/2-1/2

[Event "St Petersburg Autumn op"]
[Site "St Petersburg"]
[Date "2006.11.02"]
[Round "3"]
[White "Stepaniants, Anatoly"]
[Black "Rodkin, Felix"]
[Result "0-1"]
[WhiteElo "1971"]
[BlackElo "2171"]
[PlyCount "108"]
[EventDate "2006.10.31"]
[EventType "swiss"]
[EventRounds "9"]
[EventCountry "RUS"]
[SourceTitle "EXT 2007"]
[Source "ChessBase"]
[SourceDate "2006.11.23"]
[SourceVersion "1"]
[SourceVersionDate "2006.11.23"]
[SourceQuality "1"]

1. d4 d5 2. c4 e6 3. Nc3 Nf6 4. Nf3 c5 5. cxd5 cxd4 6. Nxd4 Nxd5 7. Bd2 Bc5 8. e3 0-0 9. Be2 Nf4 10. exf4 Bxd4 11. 0-0 Bd7 12. Qb3 Bc6 13. Be3 Qf6 14. Bb5 Rc8 15. Rad1 Bxc3 16. Bxc6 Nxc6 17. bxc3 Na5 18. Qb5 b6 19. Rd7 Nc4 20. Bd4 Qxf4 21. Qa6 e5 22. Rxa7 Rab8 23. Be3 Nxe3 24. fxe3 Qxe3+ 25. Kh1 f6 26. Qb5 Rxc3 27. Qd7 Qg5 28. Rd1 Rc1 29. Qd5+ Kh8 30. Rb7 Re8 31. Rxb6 e4 32. Qd7 Rxd1+ 33. Qxd1 e3 34. Re6 Qg6 35. Rxe8+ Qxe8 36. Qe2 f5 37. g3 g5 38. Kg2 Qe4+ 39. Kg1 f4 40. gxf4 gxf4 41. Qb2+ Kg8 42. Qb8+ Kg7 43. Qc7+ Kg6 44. Qb6+ Kh5 45. Qa5+ Kg4 46. h3+ Kh4 47. Qd8+ Kxh3 48. Qc7 Kh4 49. Qd8+ Kh5 50. Qa5+ Kg4 51. Qb5 e2 52. Qd7+ Kg3 53. Qg7+ Kf3 54. Qc3+ Qe3+ 0-1